The French connection II
Ο Τζίμι Ντόιλ ακολουθεί τα ίχνη του ανθρώπου που αποτελεί τον σύνδεσμο με το δίκτυο διακίνησης ναρκωτικών από την Γαλλία στην χώρα του. Ενδιαφέρον σίκουελ της πρώτης ταινίας με μια εξαιρετική ερμηνεία από τον Τζιν Χακμαν....
Αποθηκεύτηκε σε:
| Άλλοι συγγραφείς: | , |
|---|---|
| Μορφή: | |
| Γλώσσα: | English French Multiple |
| Δημοσίευση: |
[S.l.] :
Twentieth Century Fox Film Entertainment,
c2002.
|
| Έκδοση: | Special ed. |
| Θέματα: | |
| Ετικέτες: |
Προσθήκη ετικέτας
Δεν υπάρχουν, Καταχωρήστε ετικέτα πρώτοι!
|
MARC
| LEADER | 00000cgm a2200000 i 4500 | ||
|---|---|---|---|
| 001 | 1/30266 | ||
| 008 | 130527p20021975xx ||| | | ||eng|| | ||
| 035 | |l 10114528 | ||
| 040 | |a GR-MyUa |b gre |e AACR2 | ||
| 041 | 0 | |a eng |a fre |j mul | |
| 082 | 7 | |a 791.437 |2 (22) | |
| 245 | 0 | 4 | |a The French connection II |h [μαγνητοσκόπηση] / |c directed by John Frankenheimer. |
| 250 | |a Special ed. | ||
| 260 | |a [S.l.] : |b Twentieth Century Fox Film Entertainment, |c c2002. | ||
| 300 | |a 1 βιντεοδίσκος (114 λεπτ.) : |b ομίλ., έγχρ. ; |c 4 3/4 ίν. | ||
| 500 | |a Κυκλοφόρησε πρώτη φορα ως κινηματογραφική ταινία το 1975. | ||
| 501 | |a Περιλαμβάνεται σε κασετίνα μαζί με: The French connection. | ||
| 508 | |a Παραγωγή, Robert L. Rosen ; σενάριο, Alexander Jacobs, Robert Dillon & Laurie Dillon ; πλοκή, Robert Dillon & Laurie Dillon ; μουσική, Don Ellis. | ||
| 511 | 0 | |a Gene Hackman, Fernando Rey, Bernard Fresson, Cathleen Nesbitt. | |
| 520 | 8 | |a Ο Τζίμι Ντόιλ ακολουθεί τα ίχνη του ανθρώπου που αποτελεί τον σύνδεσμο με το δίκτυο διακίνησης ναρκωτικών από την Γαλλία στην χώρα του. Ενδιαφέρον σίκουελ της πρώτης ταινίας με μια εξαιρετική ερμηνεία από τον Τζιν Χακμαν. | |
| 546 | |a Στα αγγλικά με υπότιτλους στα ελληνικούς. | ||
| 650 | 0 | |a Drug traffic |v Drama. | |
| 655 | 7 | |a Feature films |2 lcgft | |
| 700 | 1 | |a Frankenheimer, John, |q 1930-2002. |e drt | |
| 700 | 1 | |a Hackman, Gene, |e act | |
| 852 | |a INST |b SYROS |c AV |e 20130527 |h 791.437 FRI |p 005500010843 |q 005500010843 |t DVD |y 23 | ||
| 901 | |a BIBL5-2008-1 | ||
| 920 | |a Αναμόρφωση |b ΕΠΕΑΚ ΙΙ-ΤΜΣΠΣ |y Σύρος |z 2006-06 | ||
| 970 | |a Κοντού |b Παρασκευή |z 27/05/2013 | ||